Link : Couse book
Link is a comprehensive course that offers a clear, balanced approach to learning English. It provides an attractive and motivating link between elementary and advanced levels.
Na minha lista:
| Autor principal: | |
|---|---|
| Formato: | Livro |
| Idioma: | Undetermined |
| Publicado em: |
Kennington (England)
New Edition
2001
|
| Assuntos: | |
| Tags: |
Adicionar Tag
Sem tags, seja o primeiro a adicionar uma tag!
|
| Thư viện lưu trữ: | Trung tâm Học liệu Trường Đại học Cần Thơ |
|---|
| LEADER | 00932nam a2200253Ia 4500 | ||
|---|---|---|---|
| 001 | CTU_194745 | ||
| 008 | 210402s9999 xx 000 0 und d | ||
| 020 | |c 173000 | ||
| 082 | |a 428.24 | ||
| 082 | |b L757 | ||
| 100 | |a Emery, Sue | ||
| 245 | 0 | |a Link : | |
| 245 | 0 | |b Couse book | |
| 245 | 0 | |c Sue Emery, Gill Mackie, Nicholas Stephens | |
| 260 | |a Kennington (England) | ||
| 260 | |b New Edition | ||
| 260 | |c 2001 | ||
| 520 | |a Link is a comprehensive course that offers a clear, balanced approach to learning English. It provides an attractive and motivating link between elementary and advanced levels. | ||
| 650 | |a English language,English language | ||
| 650 | |x Study and teaching | ||
| 650 | |y Textbooks for the foreign learners | ||
| 904 | |i Nguyên | ||
| 910 | |a (Là sách bộ nên xếp số Cutter giống như tập đầu tiên) | ||
| 980 | |a Trung tâm Học liệu Trường Đại học Cần Thơ | ||